| 000 | 00721nam a2200193 i 4500 | ||
|---|---|---|---|
| 001 | 23882 | ||
| 003 | ES-MaACL | ||
| 005 | 20250911063529.0 | ||
| 007 | t| | ||
| 008 | 021213s1949 sp |||| | spa d | ||
| 100 | 1 |
_aAlbiñana García-Quintana, César, _d1920-2007 _919384 |
|
| 245 | 1 | 0 |
_aTributación del beneficio de la empresa y de sus partícipes / _cCésar Albiñana García-Quintana ; prólogo de Jose Larraz. |
| 260 |
_a[S.l.] : _bRevista de Derecho Mercantil, _c1949 ( _eAlcalá de Henares : _fTall. Penitenciales) |
||
| 300 |
_aLVIII, 917 p. ; _c23 cm. |
||
| 650 | 4 |
_aImpuestos- _zEspaña _913634 |
|
| 700 | 1 |
_aLarraz, José, _d1904-1973 _970328 |
|
| 852 |
_aES-MaACL _jE-683 |
||
| 999 |
_c23882 _d23882 |
||